বাংলাদেশের চলচ্চিত্র : (Record no. 80050)
[ view plain ]
| 000 -LEADER | |
|---|---|
| fixed length control field | 00969nam a2200229 a 4500 |
| 001 - CONTROL NUMBER | |
| control field | 80050 |
| 003 - CONTROL NUMBER IDENTIFIER | |
| rucl marc code | BD-RjUL |
| 005 - DATE AND TIME OF LATEST TRANSACTION | |
| control field | 20220628144304.0 |
| 008 - FIXED-LENGTH DATA ELEMENTS--GENERAL INFORMATION | |
| fixed length control field | 220628s2019 bg ||||| |||| 00| 0 ben d |
| 020 ## - INTERNATIONAL STANDARD BOOK NUMBER | |
| International Standard Book Number | 9847000003928 |
| 035 ## - SYSTEM CONTROL NUMBER | |
| System control number | (BD-RjUL)80050 |
| 040 ## - CATALOGING SOURCE | |
| Original cataloging agency | BD-RjUL |
| Language of cataloging | eng |
| Transcribing agency | BD-RjUL |
| 041 ## - LANGUAGE CODE | |
| Language code of text/sound track or separate title | ben |
| 082 ## - DEWEY DECIMAL CLASSIFICATION NUMBER | |
| Edition number | 23 |
| Classification number | 791.43095492 |
| Author mark and year | HOB 2019 |
| 100 ## - MAIN ENTRY--PERSONAL NAME | |
| Personal name | হোসেন, মোঃ জাহাঙ্গীর |
| 9 (RLIN) | 3920 |
| 245 ## - TITLE STATEMENT | |
| Title | বাংলাদেশের চলচ্চিত্র : |
| Remainder of title | উৎস সন্ধান ও বিবর্তনের ধারা / |
| Statement of responsibility, etc. | মোঃ জাহাঙ্গীর হোসেন |
| 260 ## - PUBLICATION, DISTRIBUTION, ETC. (IMPRINT) | |
| Place of publication, distribution, etc. | ঢাকা : |
| Name of publisher, distributor, etc. | জাতীয় সাহিত্য প্রকাশ, |
| Date of publication, distribution, etc. | ২০১৯ |
| 300 ## - PHYSICAL DESCRIPTION | |
| Pagination | ৩৫৯ পৃ.: |
| Illustrations | চিত্রসমূহ; |
| Size | ২২ সেমি. |
| 650 ## - SUBJECT ADDED ENTRY--TOPICAL TERM | |
| Topical term or geographic name as entry element | চলমান ছবি |
| Geographic subdivision | বাংলাদেশ |
| 9 (RLIN) | 3921 |
| Topical term or geographic name as entry element | Motion pictures |
| Geographic subdivision | Bangladesh |
| 9 (RLIN) | 3922 |
| 942 ## - ADDED ENTRY ELEMENTS (KOHA) | |
| Source of classification or shelving scheme | Dewey Decimal Classification |
| Koha item type | Books |
| Lost status | Source of classification or shelving scheme | Damaged status | Not for loan | Collection code | Permanent Location | Current Location | Shelving location | Date acquired | Source of acquisition | Cost, normal purchase price | Total Checkouts | Full call number | Date last seen | Copy number | Koha item type |
|---|---|---|---|---|---|---|---|---|---|---|---|---|---|---|---|
| Dewey Decimal Classification | Not For Loan | Non-fiction | Central Library, University of Rajshahi | Central Library, University of Rajshahi | Reading Room | 18/04/2022 | Jatiya Sahitya Prakash, Dhaka | 455.00 | B 791.43095492 HOB 2019 | 28/06/2022 | C-1 | Books | |||
| Dewey Decimal Classification | Non-fiction | Central Library, University of Rajshahi | Central Library, University of Rajshahi | General Stacks | 18/04/2022 | Jatiya Sahitya Prakash, Dhaka | 455.00 | B 791.43095492 HOB 2019 | 28/06/2022 | C-2 | Books |